Put the Alphabet Back into the Dominion Cards - Statistics

General Stats
  • This quiz has been taken 156 times
    98 since last reset
  • The average score is 23 of 26
Answer Stats
Hint Answer % Correct
Deth Cart A
94%
Journyman E
94%
Huntin Grounds G
94%
Royal Carrage I
94%
Gildmaster U
94%
Siler Mine V
94%
Colletion C
92%
Carlatan H
92%
Capita City L
92%
Baaar Z
92%
Cuthroat T
91%
Govenor R
88%
Sea Itch W
88%
Graverober B
87%
Uarry Q
87%
Oust J
84%
Hotelry S
83%
Reake M
82%
Piie X
82%
Snow Village Y
82%
Bar D
81%
Cler K
81%
Cove N
81%
Poka O
77%
Roe P
77%
Ool F
73%
No matching quizzes found
Score Distribution
Percent of People with Each Score
Percentile by Number Answered
Your Score History
You have not taken this quiz since the last reset